[Event "Sparkassen Open 2018"]
[Site "Heusenstamm"]
[Date "2018.11.24"]
[Round "4"]
[White "Gritsak, Orest"]
[Black "Jansen, Dirk Norbert"]
[Result "1-0"]
[WhiteElo "2457"]
[BlackElo "2209"]
[Annotator "TA"]
[PlyCount "63"]
[EventDate "2018.11.22"]
[EventType "swiss"]
[EventCountry "GER"]
[SourceTitle "playchess.com"]
[Source "ChessBase"]
[SourceQuality "1"]

{[%evp 10,63,12,12,18,13,13,13,12,6,13,8,6,8,22,27,20,12,24,29,19,13,25,12,233,231,224,74,68,37,37,50,58,63,54,50,57,16,8,14,14,8,78,7,18,0,0,0,0,0,0,0,1145,1145,29981,29982]} 1. Nf3 f5 2. d4 Nf6 3. Bg5 e6 4. Nbd2 Be7 5. e3 O-O 6. Bd3 {LiveBook: 15 Games. A80: Dutch Defence: Unusual White second moves} b6 7. Bxf6 $146 ({Predecessor:} 7. Qe2 c5 8. c3 Nc6 9. O-O Bb7 10. Ba6 Bxa6 11. Qxa6 Ne4 12. Bxe7 Qxe7 13. Nxe4 fxe4 {0-1 (60) Nikolaidis,I (2519)-Navara,D (2726) Heraklio 2017}) 7... Bxf6 8. e4 {The position is equal.} d5 9. exf5 exf5 10. O-O c5 {[%cal Bc7c5,Bc5c4][%mdl 32]} 11. c3 $36 {[%mdl 2048] White has the initiative.} c4 12. Bc2 Nc6 13. Ba4 Qd6 14. Re1 Bd7 15. b3 cxb3 16. axb3 Nxd4 $2 (16... Rfd8 $11 {and Black is okay.}) 17. Nxd4 $18 ({Stronger than} 17. cxd4 b5 $11) 17... Bxd4 18. cxd4 (18. Bxd7 $18 Bxc3 19. Rc1) 18... b5 $16 19. Nf3 bxa4 20. bxa4 a5 21. Ne5 Rab8 22. Nd3 f4 23. f3 Bf5 24. Re5 Bxd3 25. Qxd3 Rfe8 {[#]} (25... Rb2 $11) 26. Rae1 ({White should play} 26. Rxe8+ $1 $16 Rxe8 27. Qb5) 26... Rxe5 $11 27. Rxe5 {KQR-KQR} Qb4 28. h4 Qxa4 29. Qf5 Qxd4+ 30. Kh2 {White wants to mate with Qe6+.} Rf8 $2 {[%mdl 8192] [#]} (30... Qa7 $11) 31. Qe6+ $1 $18 Kh8 {[#]} 32. Qf7 $1 {[%mdl 512] Accuracy: White = 61%, Black = 57%.} 1-0

[Event "Sparkassen Open 2018"]
[Site "Heusenstamm"]
[Date "2018.11.24"]
[Round "4"]
[White "Fruebing, Stefan"]
[Black "Nikolov, Momchil"]
[Result "0-1"]
[WhiteElo "2406"]
[BlackElo "2560"]
[Annotator "TA"]
[PlyCount "128"]
[EventDate "2018.11.22"]
[EventType "swiss"]
[EventCountry "GER"]
[SourceTitle "playchess.com"]
[Source "ChessBase"]
[SourceQuality "1"]

{[%evp 21,128,0,0,-19,28,16,22,27,29,11,27,0,0,-61,-50,-64,-44,-39,0,-80,0,-50,-30,-33,-42,-55,-34,-23,-14,-16,-20,-27,-23,-42,-47,-37,-39,-44,-44,-54,-66,-87,-80,-94,-87,-127,-128,-146,-87,-82,-81,-156,-156,-143,-89,-166,-75,-142,-136,-145,-136,-142,-142,-148,-130,-147,-127,-283,-260,-288,-285,-685,-666,-630,-630,-565,-532,-616,-392,-569,-547,-957,-881,-1142,-1020,-1885,-2126,-2507,-2424,-5798,-1001,-29960,-9838,-5073,-4641,-29973,-29974,-29974,-29975,-29978,-29979,-29981,-29982,-29982,-29983,-29983,-29984,-29984,-29985]} 1. e4 c5 2. Nf3 e6 3. d4 cxd4 4. Nxd4 a6 5. Nc3 d6 6. Be2 b5 7. a3 {B54: Sicilian: 2...d6 3 d4 cxd4 4 Nxd4, Unusual Lines} (7. O-O Bb7 8. Bf3 Nd7 9. g3 Ngf6 10. a3 Qc7 11. Bg2 Be7 12. Kh1 O-O 13. f4 Rfe8 14. g4 Nc5 {½-½ (60) Ponkratov,P (2605)-Jakovenko,D (2713) Khanty-Mansiysk 2013}) 7... Bb7 8. f4 Nd7 9. Bf3 Qc7 10. Qe2 Rc8 11. O-O Ngf6 {LiveBook: 5 Games} 12. Kh1 Be7 13. e5 $146 ({Predecessor:} 13. Be3 O-O 14. Rae1 Rfe8 15. Qf2 Bf8 16. Nb3 Ba8 17. Rd1 Qb8 18. Ba7 Qc7 19. Be3 e5 20. Rfe1 exf4 21. Bxf4 {½-½ (67) Fruebing,S (2319)-Caruana,F (2549) Budapest 2007}) 13... Bxf3 14. Nxf3 dxe5 15. fxe5 Ng4 16. Bf4 (16. h3 {with more complications.} Ngxe5 17. Bf4 f6 18. Nxe5 Nxe5 19. Qh5+) 16... Qc4 17. Qxc4 (17. Qd2 $11) 17... Rxc4 $15 18. Nd2 Rc6 19. Nf3 $1 Rc4 20. Nd2 Rc6 21. Nf3 $1 g5 22. Nxg5 Ngxe5 23. Rae1 Nc4 24. Nd1 $1 Rg8 25. Nf3 Rc5 26. Bc1 Nce5 $36 {[%mdl 2048] Black has the initiative.} 27. Nc3 Nxf3 28. Rxf3 h5 29. Re2 Rg4 30. h3 Rgc4 31. Bd2 Re5 32. Ref2 f5 33. b4 Nf6 $1 34. Rd3 Ne4 ({Black should play} 34... h4 $1 35. Rf1 Nh5) 35. Nxe4 $17 Rexe4 36. Bc3 (36. c3 $142) 36... h4 37. Kg1 Bg5 (37... Bd8 $142 {Hoping for ...Bb6.} 38. Kf1 Bb6) 38. Kf1 {[#]} (38. Bd2 $17 Bf6 39. c3) 38... Ke7 (38... Bf4 $1 $19 {and Black stays clearly on top.} 39. Re2 Bg3) 39. Rff3 (39. Be1 $142) 39... Rc6 40. Bd2 Bxd2 41. Rxd2 {[%mdl 4096] Endgame KRR-KRR} Rec4 42. Rfd3 Rc3 43. Rd7+ Kf6 44. R7d3 $2 {[#]} (44. Rh7 $17 {keeps fighting.}) 44... Rxd3 $1 $19 ({Less strong is} 44... Rxc2 45. Rxc2 Rxc2 46. Rd6 $17) 45. Rxd3 {KR-KR} e5 {[%cal Be6e5,Be5e4][%mdl 32]} ({Weaker is} 45... Rxc2 46. Rd6 $17) 46. a4 $2 (46. Rd8) 46... bxa4 47. Ra3 Rxc2 48. Rxa4 Rc6 49. Ra5 Rb6 50. Ke2 (50. Kf2 $142 f4 51. Kf3) 50... e4 51. Kf2 Kg5 52. Ke3 Rxb4 53. Rxa6 Rb3+ 54. Kf2 Rb2+ 55. Kf1 Kf4 56. Ra8 Ke3 {[%cal Rb2b1]} 57. Ra3+ Kd2 58. Kf2 f4 {Black mates.} 59. Ra1 Rc2 60. Rb1 Ra2 61. Re1 e3+ 62. Kf1 Rc2 63. Re2+ Kc3 64. Re1 Kb2 {Accuracy: White = 35%, Black = 74%.} 0-1

[Event "Sparkassen Open 2018"]
[Site "Heusenstamm"]
[Date "2018.11.24"]
[Round "4"]
[White "Baskin, Robert"]
[Black "Browning, Alex"]
[Result "1-0"]
[WhiteElo "2354"]
[BlackElo "2102"]
[Annotator "TA"]
[PlyCount "89"]
[EventDate "2018.11.22"]
[EventType "swiss"]
[EventCountry "GER"]
[SourceTitle "playchess.com"]
[Source "ChessBase"]
[SourceQuality "1"]

{[%evp 29,89,120,108,89,131,128,127,127,177,170,152,146,169,136,211,196,167,147,147,160,162,148,154,139,427,389,763,395,388,356,354,348,385,331,427,332,355,371,349,362,343,328,323,301,293,293,536,528,672,678,775,766,760,760,716,721,1973,1881,29991,29992,29992,29993]} 1. e4 c5 2. Nf3 d6 3. d4 cxd4 4. Nxd4 Nf6 5. Nc3 a6 6. Be3 e5 7. Nb3 Be7 8. f3 O-O 9. Qd2 Be6 10. O-O-O a5 11. a4 Na6 12. g4 Nb4 13. Kb1 {B90: Sicilian Najdorf: Unusual White 6th moves, 6 Be3 Ng4 and 6 Be3 e5} (13. g5 Nh5 14. Bb5 Rc8 15. Kb1 f5 16. gxf6 Nxf6 17. Rhg1 d5 18. Bh6 Rf7 19. Qg5 Ng4 20. Qh5 Nxh6 21. Qxh6 {1-0 (41) Yu,Y (2759)-Gao,R (2561) Tianjin 2018}) 13... d5 14. g5 Nxe4 15. fxe4 d4 {LiveBook: 4 Games} 16. Qg2 Qb8 $146 ({Predecessor:} 16... Qc8 17. Nxd4 exd4 18. Bxd4 Rd8 19. Rd2 Qc7 20. Bb5 Nc6 {1-0 (54) Kauppinen,M (2388)-Poli,G (2462) ICCF email 2011}) 17. Nxd4 exd4 18. Bxd4 Rc8 19. Bb5 Qf4 20. h4 Bc5 21. Qd2 Qc7 (21... Qxd2 $16 {might work better.} 22. Rxd2 Bxd4 23. Rxd4 Rd8) 22. Bxc5 $18 Qxc5 23. Rhf1 Bg4 24. Be2 Be6 25. Qd6 Ba2+ 26. Ka1 Qa7 $2 {[%mdl 8192] [#]} (26... Qxd6 $16 27. Rxd6 Be6) 27. Nxa2 Nxc2+ 28. Kb1 Ne3 29. Nc3 Nxf1 30. Bxf1 Qf2 31. h5 Qh4 32. g6 Qxh5 33. gxf7+ Qxf7 34. Nd5 Kh8 35. Bb5 Rd8 36. Qe5 Qg6 37. Rh1 Rf8 $2 (37... Rd6 38. Bd3 h6) 38. Ne7 Qb6 39. Qh5 {[%csl Gh1][%cal Rh5h7] [#]} h6 {Black hopes to continue with ...Rf2.} 40. Ng6+ Kh7 41. Nxf8+ Rxf8 42. Rd1 Rf2 43. e5 g6 44. Rd7+ Kg8 45. Qxh6 {Precision: White = 87%, Black = 27%.} 1-0

[Event "Sparkassen Open 2018"]
[Site "Heusenstamm"]
[Date "2018.11.24"]
[Round "4"]
[White "Khaetsky, Roman"]
[Black "Enchev, Ivajlo"]
[Result "1/2-1/2"]
[WhiteElo "2347"]
[BlackElo "2496"]
[Annotator "TA"]
[PlyCount "35"]
[EventDate "2018.11.22"]
[EventType "swiss"]
[EventCountry "GER"]
[SourceTitle "playchess.com"]
[Source "ChessBase"]
[SourceQuality "1"]

{[%evp 21,35,16,12,-7,-3,-7,10,8,15,-10,-12,-8,0,0,0,0]} 1. e4 e5 2. Nf3 Nc6 3. Bb5 a6 4. Bxc6 dxc6 5. O-O f6 6. d4 Bg4 7. dxe5 Qxd1 8. Rxd1 fxe5 9. Rd3 Bd6 10. Nbd2 Nf6 {[%cal Bg8f6,Bf6e4,Be4f2][%mdl 32]} 11. Nc4 O-O {The position is equal.} 12. Ncxe5 {C69: Ruy Lopez: Exchange Variation with 5 0-0 f6} (12. Nfxe5 Be2 13. Re3 Bxc4 14. Nxc4 Ng4 15. Re2 Bxh2+ 16. Kf1 Rae8 17. Nd2 Rd8 18. f3 Bg3 19. Kg1 Ne5 {0-1 (59) Kamsky,G (2741)-Carlsen,M (2862) Saint Louis 2013}) 12... Bh5 13. b3 Rae8 14. Bb2 Nxe4 15. Re1 {[#]} Bxe5 $146 ({Predecessor:} 15... Nf6 16. c4 Bxf3 17. Nxf3 Rxe1+ 18. Nxe1 b5 19. Nf3 bxc4 20. bxc4 {0-1 (40) Brooks,M (2463)-Friedel,J (2516) Saint Louis 2009}) 16. Nxe5 Nxf2 17. Rd7 {And now h3 would win.} Ng4 18. h3 1/2-1/2

[Event "Sparkassen Open 2018"]
[Site "Heusenstamm"]
[Date "2018.11.24"]
[Round "4"]
[White "Muckle, Julius"]
[Black "Hahn, Florian"]
[Result "1-0"]
[WhiteElo "2344"]
[BlackElo "2148"]
[Annotator "TA"]
[PlyCount "77"]
[EventDate "2018.11.22"]
[EventType "swiss"]
[EventCountry "GER"]
[SourceTitle "playchess.com"]
[Source "ChessBase"]
[SourceQuality "1"]

{[%evp 16,76,23,27,41,49,41,47,47,37,83,60,90,-5,18,6,51,43,56,47,126,97,96,60,68,53,64,46,37,-11,24,0,101,93,101,98,101,85,82,87,83,80,112,104,172,174,162,158,171,171,182,155,154,140,219,226,260,273,29988,29989,29999,29997,29999]} 1. d4 Nf6 2. c4 g6 3. Nc3 d5 4. Bg5 Bg7 5. Bxf6 Bxf6 6. cxd5 {D80: Grünfeld: Unusual White 4th moves and 4 Bg5} c5 7. dxc5 Nd7 {[%cal Bb8d7,Bd7c5,Bc5a4][%mdl 32]} 8. c6 Nc5 9. Rc1 {LiveBook: 7 Games} Qa5 $146 ({Predecessor:} 9... Qb6 10. Nf3 O-O 11. e3 Qxb2 12. Nd4 bxc6 13. Be2 cxd5 14. Nxd5 Bxd4 15. Nxe7+ Kg7 16. Qxd4+ Qxd4 17. exd4 Re8 18. Rxc5 {½-½ (18) Vallejo Pons,F (2710)-Nepomniachtchi,I (2751) Moscow 2017}) 10. Qd2 O-O 11. Ne4 Qxd2+ 12. Nxd2 Na4 13. e4 {Strongly threatening Rc2.} bxc6 14. Rxc6 (14. dxc6 $16 {Threatens to win with Rc2.} Bxb2 15. Rc2) 14... Bxb2 15. Ngf3 f5 16. Bc4 {d6+ is the strong threat.} Nb6 17. Bb3 Ba6 ({Black should try} 17... Bd7 $14) 18. exf5 gxf5 19. Kd1 {Black must now prevent Re1.} Bf6 20. d6+ Kh8 21. dxe7 Bxe7 22. Bc4 Bc8 {Threatening ...Bd7.} 23. Re1 Bf6 (23... Bb4 $11) 24. Be6 $16 Na4 25. Bxc8 Raxc8 26. Ree6 $36 {[%mdl 2048] Black is under strong pressure.} Nc3+ 27. Ke1 Rxc6 28. Rxc6 a5 29. a3 Kg7 (29... a4 $16) 30. Rc5 $18 a4 31. Rxf5 Re8+ 32. Kf1 Rb8 33. g4 Be7 34. Nc4 Rb1+ (34... Nb5 $16 {keeps fighting.} 35. Nfe5 Re8) 35. Kg2 Ra1 36. Nd4 Bxa3 $2 {[#]} (36... Kg8 $18 37. Re5 Rd1) 37. Ne6+ {White mates.} Kh6 38. Ne5 {[%csl Gg4][%cal Rf5h5]} Ne4 39. Rh5# {Accuracy: White = 58%, Black = 33%.} 1-0

[Event "Sparkassen Open 2018"]
[Site "Heusenstamm"]
[Date "2018.11.24"]
[Round "4"]
[White "Neukirchner, Pascal"]
[Black "Sadzikowski, Daniel"]
[Result "1/2-1/2"]
[WhiteElo "2305"]
[BlackElo "2544"]
[Annotator "TA"]
[PlyCount "187"]
[EventDate "2018.11.22"]
[EventType "swiss"]
[EventCountry "GER"]
[SourceTitle "playchess.com"]
[Source "ChessBase"]
[SourceQuality "1"]

{[%evp 21,187,33,28,16,13,8,8,8,24,0,0,0,0,0,25,25,18,15,22,17,22,28,29,22,25,0,12,0,0,0,0,0,0,0,0,0,0,0,0,0,0,-50,-39,-51,-47,-39,-40,-41,-42,-47,-8,-8,-8,-8,-8,-8,-8,-8,-8,-8,-8,-8,-8,-8,0,-9,-8,-8,-8,-8,0,-8,-8,-8,-8,-8,-8,-8,0,0,0,-8,-8,-8,-8,-8,-8,-8,-8,-8,-8,-8,-8,-8,-8,-8,-8,-8,-8,-8,-8,-8,0,0,0,0,0,0,0,0,0,0,0,0,0,0,0,0,0,0,0,0,0,0,0,0,0,0,0,0,0,0,0,0,0,0,0,0,0,0,0,0,0,0,0,0,0,0,0,0,0,0,0,0,0,0,0,0,0,0,0,0,0,0,0,0,0,0]} 1. d4 {[%cal Bd2d4,Bd4d5][%mdl 32]} Nf6 2. c4 g6 3. f3 c5 4. d5 d6 5. e4 Bg7 6. Nc3 e6 7. Bg5 h6 8. Be3 exd5 9. cxd5 a6 10. a4 O-O 11. Qd2 Nh7 12. Nge2 {A65: Modern Benoni: 6 e4} (12. a5 h5 13. Ra3 Nd7 14. Nh3 Rb8 15. Be2 b5 16. axb6 Qxb6 17. Ra2 Ne5 18. Nf2 a5 19. O-O Ba6 20. Bxa6 Qxa6 {½-½ (45) Ding,L (2760)-Nepomniachtchi,I (2749) Sharjah 2017}) 12... Nd7 13. Nf4 Ne5 14. Be2 Nf6 {[%cal Bh7f6,Bf6h5,Bh5f4][%mdl 32]} 15. O-O $146 ({Predecessor:} 15. b3 Qa5 16. Rc1 Bd7 17. Nd3 Nxd3+ 18. Bxd3 h5 19. O-O {½-½ (57) Rajkovic,D (2453)-Damljanovic,B (2541) Vrnjacka Banja 2010}) 15... g5 16. Nh3 $1 Bxh3 17. gxh3 Nh5 18. h4 $1 {[%cal Rh4g5]} Ng6 19. hxg5 Bd4 $1 20. Bxd4 cxd4 21. Qxd4 hxg5 22. Kh1 Nhf4 23. Rg1 Rc8 {And now ...Rxc3! would win.} 24. Bf1 f6 25. Ne2 Kf7 26. Qd2 Nxe2 27. Bxe2 Nf4 28. Rgc1 Qd7 29. Bf1 Rxc1 30. Rxc1 Qxa4 31. Qc2 Qxc2 32. Rxc2 $15 {[%mdl 4096] Endgame KRB-KRN} Re8 33. Kg1 {[#]} f5 $1 {[%mdl 512]} 34. Kf2 (34. exf5 Kf6) 34... fxe4 35. Rc7+ Re7 (35... Kf6 {with more complications.} 36. fxe4 Rxe4 37. Rxb7 a5 38. Kf3 Re1) 36. Rxe7+ {The position is equal.} Kxe7 37. fxe4 $11 {KB-KN} Kf6 38. Kf3 Ng6 39. Kg4 Ne5+ 40. Kg3 Nd7 41. b4 $1 Ne5 42. Be2 Nd7 43. Bf1 Nb6 44. Kg4 Nc8 45. Kf3 Ne7 46. Kg3 Ng6 47. Be2 Ne5 48. Bf1 b5 49. Be2 Nc4 50. Kf3 $1 Ne5+ 51. Kg3 $1 Kg6 52. Kf2 Kg7 53. Kg3 Kf6 54. Kf2 Ke7 55. Kg3 Kf7 56. Kg2 Ke8 57. Kg3 Ke7 58. Kg2 Kd8 59. Kg3 Kc7 60. h4 gxh4+ 61. Kxh4 Kd8 62. Kg5 Ke7 63. Kf5 Nc4 64. Kf4 {aiming for Bxc4.} Kf6 65. Bf1 Ne5 66. Be2 Ng6+ 67. Ke3 Kg5 68. Bf1 Kg4 69. Be2+ Kh4 70. Bf1 Kg3 71. Be2 Ne5 72. Bf1 Ng4+ 73. Kd4 Ne5 74. Ke3 Kg4 75. Be2+ Kg5 76. Bf1 Kf6 77. Bh3 a5 78. bxa5 Nc4+ {[%mdl 64] [#] Double Attack} 79. Kd4 {Hoping for a6.} Nxa5 80. Kc3 Nb7 81. Kb4 Ke5 82. Bf5 Nc5 83. Kxb5 Nxe4 84. Bxe4 Kxe4 {KP-KP} 85. Kc4 $1 Ke5 86. Kc3 Kxd5 {KP-K} 87. Kd3 Ke5 {[%cal Bd5e5,Be5e4,Be4d4][%mdl 32] ( -> ...Kd5)} 88. Ke3 d5 {[%cal Bd6d5,Bd5d4][%mdl 32]} 89. Kd3 {[%cal Be3d3,Bd3d2,Bd2e2][%mdl 32]} d4 90. Kd2 Ke4 91. Ke2 d3+ 92. Kd2 Kd4 93. Kd1 d2 (93... Kc3 $5 94. Kc1 $8 Kd4 $11) 94. Kxd2 {Accuracy: White = 82%, Black = 87%.} 1/2-1/2

[Event "Sparkassen Open 2018"]
[Site "Heusenstamm"]
[Date "2018.11.24"]
[Round "4"]
[White "Euler, Gerd"]
[Black "Barski, Radoslaw"]
[Result "0-1"]
[WhiteElo "2297"]
[BlackElo "2459"]
[Annotator "TA"]
[PlyCount "36"]
[EventDate "2018.11.22"]
[EventType "swiss"]
[EventCountry "GER"]
[SourceTitle "playchess.com"]
[Source "ChessBase"]
[SourceQuality "1"]

{[%evp 14,36,6,0,11,-18,-25,-102,-39,-113,-98,-96,30,-25,-30,-35,-36,-121,-67,-187,-199,-208,-209,-695,-700]} 1. e4 c5 2. Nc3 a6 3. Nf3 d6 4. d4 cxd4 5. Nxd4 Nf6 6. Bc4 e6 7. Be3 b5 8. Bb3 {LiveBook: 85 Games} Qc7 {B87: Sicilian Scheveningen/Najdorf: 6 Bc4, with early ...b5} (8... Be7 9. f3 O-O 10. Qd2 Bb7 11. O-O-O Nc6 12. h4 Na5 13. h5 Nxb3+ 14. axb3 h6 15. Kb1 Rc8 16. Rhg1 Re8 17. g4 Nh7 18. b4 Rc4 {1-0 (53) Straka,Z (2568)-Dunlop,G (2563) ICCF email 2015}) 9. Qf3 $146 ({Predecessor:} 9. a3 Nc6 10. f3 Na5 11. Qd2 Bd7 12. O-O Nc4 13. Bxc4 Qxc4 14. Qd3 Rc8 15. Rac1 Be7 {0-1 (32) Jaufarally,N (1849)-Woudsma,M (2262) St Clement Bay 2018}) 9... Nbd7 10. O-O-O (10. Rd1 $11) 10... Bb7 (10... Nc5 $1 $17) 11. Nxe6 (11. Qh3 $15) 11... fxe6 $17 12. Bxe6 Rc8 (12... O-O-O $17 13. Qf4 Kb8) 13. Rd4 ({White should play} 13. a3 $1) 13... Qa5 $11 14. Qf5 {aiming for Bxd7+.} Rxc3 15. bxc3 {[#]} (15. Bd2 $15) 15... Qxc3 (15... Be7 $1 $17 {Strongly threatening ...g6.} 16. Bd2 Nc5) 16. Bxd7+ ({Better is} 16. Rd3 $1 $15 Qe5 17. Qxe5 Nxe5 18. Rc3) 16... Nxd7 $19 17. Qe6+ {[#]} Be7 $1 {Threatens to win with ...Nc5.} 18. Rxd6 $2 (18. Rdd1) 18... Qa3+ {[%mdl 64] Double Attack. Accuracy: White = 17%, Black = 32%.} 0-1

[Event "Sparkassen Open 2018"]
[Site "Heusenstamm"]
[Date "2018.11.24"]
[Round "4"]
[White "Hesse, Henrik"]
[Black "Zuyev, Igor"]
[Result "0-1"]
[WhiteElo "2272"]
[BlackElo "2435"]
[Annotator "TA"]
[PlyCount "117"]
[EventDate "2018.11.22"]
[EventType "swiss"]
[EventCountry "GER"]
[SourceTitle "playchess.com"]
[Source "ChessBase"]
[SourceQuality "1"]

{[%evp 26,117,47,31,73,60,68,66,97,75,87,27,75,32,30,28,32,29,33,-26,-24,-29,0,-38,-39,-42,-42,-39,-39,-52,-37,-106,-90,-106,-117,-106,-106,-100,-108,-98,-72,-89,-87,-83,-61,-138,-99,-153,-150,-148,-145,-141,-136,-292,-246,-224,-177,-252,-283,-484,-438,-555,-524,-617,-610,-649,-610,-579,-608,-592,-584,-1100,-1070,-1113,-1083,-1039,-922,-1258,-1384,-1272,-1253,-29970,-29970,-29973,-29966,-29981,-29982,-29986,-29987,-29988,-29989,-29993,-29994,-29994]} 1. c4 c5 2. Nf3 g6 3. d4 cxd4 4. Nxd4 Nc6 5. e4 Nf6 6. Nc3 d6 7. Be2 Nxd4 8. Qxd4 Bg7 9. Be3 O-O 10. Qd2 Be6 11. O-O Qa5 12. f3 Rfc8 13. b3 Ng4 {B36: Sicilian: Maroczy Bind: Gurgenidze System} 14. Bd4 {LiveBook: 3 Games} Ne5 $146 ({Predecessor:} 14... Bxd4+ 15. Qxd4 Qe5 16. Qxe5 Nxe5 17. Kf2 f5 18. exf5 gxf5 19. f4 Ng6 20. g3 Kf7 21. Rfe1 Bd7 22. h4 Rab8 23. Rec1 Bc6 24. b4 b6 25. Bd3 Kf6 26. Nd5+ Bxd5 27. cxd5 a5 28. a3 {½-½ (28) Kazakovskiy,V (2144)-Malisauskas,V (2415) Palanga 2014}) 15. Rad1 Nc6 {White is slightly better.} 16. Bxg7 Kxg7 17. f4 f6 18. Bf3 ({White should try} 18. Qb2 $16) 18... Rd8 19. Nb5 {[#] Black must now prevent Qxa5.} (19. Qb2 {is more complex.} Qb6+ 20. Rf2 Nd4 21. Be2 Nxe2+ 22. Qxe2 Qc5 23. f5) 19... Qxd2 20. Rxd2 Rdc8 21. Re1 Rab8 22. Nd4 (22. Nc3 $14) 22... Nxd4 $11 23. Rxd4 Rc5 24. e5 fxe5 25. fxe5 Rxe5 26. Rxe5 dxe5 $15 {[%mdl 4096] Endgame KRB-KRB} 27. Rd2 h5 28. Be4 (28. Kf2 $15) 28... Bf5 $17 29. Bf3 e4 30. Be2 e3 31. Rd1 Kf6 32. Kf1 e5 33. Rd6+ Kg5 34. Rd5 Re8 {Threatens to win with ...Be4.} 35. Bd1 (35. Bf3 $15) 35... Re6 36. Ke2 (36. g3 $142) 36... Be4 37. Ra5 Bxg2 {And now ...Rd6 would win.} 38. Kxe3 a6 39. Bc2 $2 (39. b4 $17) 39... Kg4 40. Be4 Bxe4 41. Kxe4 $19 {KR-KR} Kh3 42. b4 $2 (42. Rd5 {was the only defense.} Kxh2 43. c5) 42... Kxh2 43. b5 axb5 44. Rxb5 Re7 45. Rb6 g5 46. Rh6 h4 47. Rg6 Rc7 48. Kd5 {[#]} b6 $1 49. Rxg5 (49. Rxb6 g4) 49... Rc5+ 50. Ke4 Rxc4+ 51. Kf3 Rf4+ 52. Ke2 h3 {[%cal Bh4h3,Bh3h2][%mdl 32]} 53. Rxe5 Kg3 {Black mates.} 54. Rg5+ Rg4 55. Rh5 h2 56. Kf1 Rf4+ 57. Ke1 Rh4 58. Rg5+ Kf4 59. Ke2 {Precision: White = 31%, Black = 79%.} 0-1

[Event "Sparkassen Open 2018"]
[Site "Heusenstamm"]
[Date "2018.11.24"]
[Round "4"]
[White "Mooser, Stefan"]
[Black "Milov, Leonid"]
[Result "1/2-1/2"]
[WhiteElo "2269"]
[BlackElo "2481"]
[Annotator "TA"]
[PlyCount "159"]
[EventDate "2018.11.22"]
[EventType "swiss"]
[EventCountry "GER"]
[SourceTitle "playchess.com"]
[Source "ChessBase"]
[SourceQuality "1"]

{[%evp 25,159,25,18,15,13,3,7,6,44,12,72,38,29,0,42,50,73,28,23,18,50,16,17,16,26,0,43,38,62,16,60,51,59,14,8,17,6,-23,-32,-193,-193,-193,-193,-187,-50,-50,-52,-52,-52,-52,-58,-53,-52,-46,-42,-44,-43,-77,-77,-77,-77,-77,-77,-77,-77,-77,-77,-83,-77,-77,-77,-102,-102,-102,-102,-102,-102,-102,-102,-102,-102,-102,-102,-102,-102,-102,-102,-102,-102,-102,0,-102,-102,-102,-102,-102,-102,-102,0,-102,-102,-116,-102,-102,-102,-102,-62,-63,0,-63,-11,-20,-20,-20,-20,-85,-85,-85,-85,-85,-85,-68,-72,-92,-92,-94,-94,-94,-94,-94,0,0,0,-94,0,0]} 1. e4 c5 2. Nf3 e6 3. d4 cxd4 4. Nxd4 Nc6 5. Nc3 Qc7 6. Be2 a6 7. O-O Nf6 8. Be3 Be7 9. f4 d6 10. Kh1 O-O 11. Qe1 Bd7 12. Qg3 Kh8 13. a3 b5 {LiveBook: 20 Games} 14. Bf3 {B85: Sicilian Scheveningen: 6 Be2 a6, lines with early Be3} (14. Rae1 Rab8 15. e5 dxe5 16. Nxc6 Bxc6 17. fxe5 Ne4 18. Nxe4 Bxe4 19. c3 Rbd8 20. Bh5 Bf5 21. Qf2 Rc8 22. Bb6 Bc5 23. Bxc7 Bxf2 24. Rxf2 Rxc7 {0-1 (73) Forcen Esteban,D (2539)-Cori Tello,J (2549) Sitges 2015}) 14... Rab8 15. Rad1 $146 ({Predecessor:} 15. e5 dxe5 16. Nxc6 Bxc6 17. fxe5 Nd5 18. Nxd5 Bxd5 19. Bxd5 exd5 20. c3 Qc4 21. Bd4 Qe2 22. Rae1 Qh5 23. e6 f6 24. Qc7 Rfe8 25. Rf3 Qg5 26. Rd1 Qg4 {½-½ (26) Bijoux,C (2125)-Gamidova,N Duisburg 1992}) 15... b4 16. axb4 Nxb4 17. Rd2 Qc4 (17... e5 $11 {keeps the balance.}) 18. Be2 Qc7 19. Bf3 Bc8 20. Rfd1 Bb7 21. Qf2 (21. f5 $5 {[%cal Rf5e6]}) 21... Ba8 22. Nde2 Nd7 23. e5 {[%cal Re5d6]} d5 $1 24. Nd4 Nc5 25. Qe2 f6 26. exf6 Bxf6 27. Bf2 e5 28. fxe5 Bxe5 29. Nc6 (29. Qe1 {looks sharper.} Bd6 30. Re2 Qf7 31. Bg1 Rbe8 32. Bg4) 29... Bxc6 30. Bxc5 Rfe8 {aiming for ...Bxc3.} 31. Bxb4 (31. Qf2 {feels hotter.} a5 32. Bxd5 Nxd5 33. Nxd5 Bxd5 34. Rxd5 Bxh2 35. Rd7) 31... Bxh2 32. Qxa6 $2 (32. Nxd5 $15 Bxd5 33. Rxd5 Rxe2 34. Bxe2) 32... Rxb4 $19 33. Nxd5 Bxd5 34. Rxd5 {[#]} Bg3 ({Weaker is} 34... Rxb2 35. Rh5 $14) (34... Rh4 $1 $19 35. Rh5 Qe7) 35. Rh5 $15 Qxc2 36. Rf1 Rxb2 37. Qc6 Qxc6 38. Bxc6 Rf2 {[%cal Rf2f1]} 39. Rd1 {[#]} Rd2 $1 {[%cal Rd2d1][%mdl 512]} 40. Rf1 (40. Rxd2 Re1#) 40... Red8 41. Rd5 g6 42. Rxd8+ Rxd8 $17 {[%mdl 4096] Endgame KRB-KRB} 43. Bf3 h5 44. Rd1 Re8 45. Kg1 Kg7 46. Bc6 Re5 47. Bf3 Kh6 48. Kh1 g5 {[%cal Bg6g5,Bg5g4][%mdl 32]} 49. Bc6 g4 50. Rf1 Kg5 51. Bd7 Kh4 52. Bc8 Re3 53. Ba6 Be1 54. Kh2 Re5 55. Bc4 Bg3+ 56. Kg1 Rc5 57. Ba6 Re5 58. Bc4 $1 Re4 59. Bd3 Re6 60. Bc4 Rc6 61. Bb5 Rc5 (61... Rd6 $17 62. Rf5 Rd1+ 63. Rf1 Rd5) 62. Bd3 (62. Ba6 $1 $11 {was the only way to keep the balance.}) 62... Be5 63. Ba6 Kg3 64. Rd1 Bc7 65. Rd3+ Kf4 66. Rd4+ Kg3 (66... Kg5 $15 67. Rc4 Rxc4 68. Bxc4 g3) 67. Rc4 ({White should try} 67. Rd3+ $1 $11 Kh4 68. Kf1) 67... Ra5 (67... Bd6 $15) 68. Rc3+ Kh4 69. Rxc7 {And now Be2 would win.} Rxa6 $11 {KR-KR} 70. Rc1 (70. Rc4 $1 $11) 70... Ra3 $17 71. Rb1 Kg3 72. Rc1 Re3 73. Ra1 h4 74. Rb1 h3 75. gxh3 Kxh3 76. Ra1 Rg3+ 77. Kh1 Rg2 78. Ra3+ $1 Rg3 79. Ra1 $1 Rg2 ({Better is} 79... Rd3 $17 80. Kg1 Rg3+ 81. Kh1) 80. Ra3+ $1 {Accuracy: White = 56%, Black = 57%.} 1/2-1/2